Music Quiz

Random Music or Artist Quiz

Match The Albums To The Artist - 1970s Quiz Stats

 Plays Quiz not verified by Sporcle

Challenge
Share
Tweet
Embed
Score 0/20 Timer 05:00
0 Plays Today
Albums Artists % Correct
Bare Trees(1972); Rumours(1977); Tusk(1979)Fleetwood Mac
94.1%
Houses Of The Holy(1973); Presence(1976); In Through The Out Door(1979)Led Zeppelin
88.7%
Madman Across The Water(1971); Honky Chateau(1972); Captain Fantastic And The Brown Dirt Cowboy(1975)Elton John
86.7%
Waterloo(1974); Arrival(1977); Voulez-Vous(1979)Abba
81.8%
After The Gold Rush(1970); On The Beach(1974); Rust Never Sleeps(1979)Neil Young
80.3%
Sheer Heart Attack(1974); A Day At The Races(1976); Jazz(1978)Queen
79.8%
Cold Spring Harbor(1971); Turnstiles(1976); The Stranger(1977)Billy Joel
77.8%
Hunky Dory(1971); Station To Station(1976); Lodger(1979)David Bowie
65%
Close To You(1970); A Song For You(1972); Now & Then(1973)Carpenters
61.6%
Crystal Ball(1976); The Grand Illusion(1977); Cornerstone(1979)Styx
59.6%
Albums Artists % Correct
Plastic Letters(1977); Parallel Lines(1978); Eat To The Beat(1979)Blondie
59.1%
Burnin'(1973); Natty Dread(1974); Exodus(1977)Bob Marley
58.1%
Get Your Wings(1974); Rocks(1976); Draw The Line(1977)Aerosmith
56.2%
Leave Home(1977); Rocket To Russia(1977); Road To Ruin(1978)The Ramones
47.8%
Teaser And The Firecat(1971); Catch Bull At Four(1972); Buddha And The Chocolate Box(1974)Cat Stevens
47.3%
Transformer(1972); Berlin(1973); Coney Island Baby(1976)Lou Reed
42.9%
Maybe Tomorrow(1971); Goin' Back To Indiana(1971); Dancing Machine(1974)The Jackson 5
31.5%
In The City(1977); All Mod Cons(1978); Setting Sons(1979)The Jam
29.1%
Closing Time(1973); Small Change(1976); Blue Valentine(1978)Tom Waits
23.6%
Desolation Boulevard(1974); Give Us A Wink(1976); Level Headed(1978)Sweet
13.8%

You're not logged in!

Compare scores with friends on all Sporcle quizzes.
OR
Log In

You Might Also Like...

Show Comments

Extras

Top Quizzes Today


Score Distribution

Your Account Isn't Verified!

In order to create a playlist on Sporcle, you need to verify the email address you used during registration. Go to your Sporcle Settings to finish the process.

Report this User

Report this user for behavior that violates our Community Guidelines.

Details: